000 00442nam a2200181 a 4500
001 1827
003 CO-ViMGA
008 141112s2004 ck r 000 u spa d
040 _aCO-ViMGA
_bspa
_cCO-ViMGA
082 0 4 _aPOSs
100 1 _aPosadas Mañe, Carmen de
_94919
245 1 0 _aEl señor viento norte
250 _a4a
260 _aMadrid :
_bS.M,
_c1988
300 _a25 p : il
650 1 4 _aCUENTOS INFANTILES
_92743
942 _2ddc
_cBK
999 _c13982
_d13982